| 000 | 00508nam a22001697a 4500 | ||
|---|---|---|---|
| 005 | 20241121083700.0 | ||
| 008 | 241121b |||||||| |||| 00| 0 eng d | ||
| 041 | _aEnglish | ||
| 082 | _a346.7 GOR | ||
| 100 | _lEnglish | ||
| 245 |
_aThe South African Law of Insurance / _cG Gordon and WS Getz |
||
| 250 | _aSecond Edition | ||
| 260 |
_aCape Town: _bJuta and Company Ltd, _c1969 |
||
| 300 |
_bxliv, 592 pages; _c26 cm. |
||
| 650 |
_aLegal practice _bLaw |
||
| 942 |
_cBK _6ALISON_BN_VRIES |
||
| 999 |
_c3253 _d3253 |
||